Der Erinnerer- ein bedrohlicher altägyptischer Dämon und die existentielle Furcht vor dem Totengericht /

محفوظ في:

المؤلف الرئيسي: Morenz, Ludwig D. (مؤلف)

التنسيق: كتاب

اللغة: German

منشور في: Berlin : EB Verlag, [2015].

سلاسل: Bonner Ägyptologische Beiträge ; 6.
BAB ; 6.

الموضوعات:

الوسوم: إضافة وسم

لا توجد وسوم, كن أول من يضع وسما على هذه التسجيلة!

رقم الطلب: DT57 .B66 v.6

LEADER 00979namaa2200301 4500
003 OSt
005 20260331135913.0
008 140131t20152015gw a b 000 0 ger d
020 |a 9783868931617 (pbk.) 
040 |c ARCE Library 
043 |a f-ua--- 
050 4 |a DT57 .B66 v.6 
100 1 |a Morenz, Ludwig D.,  |e author 
245 1 4 |a Der Erinnerer- ein bedrohlicher altägyptischer Dämon und die existentielle Furcht vor dem Totengericht /   |c Ludwig Morenz. 
264 1 |a Berlin :  |b EB Verlag,  |c [2015]. 
264 4 |c ©2015. 
300 |a 107 pages :   |b illustrations ;   |c 21 cm. 
490 1 |a Bonner Ägyptologische Beiträge ;  |v 6. 
490 1 |a BAB ;   |v 6. 
504 |a Includes bibliographical references. 
650 0 |a Judgment Day (Egyptian religion) 
650 0 |a Death  |x Mythology  |z Egypt. 
651 0 |a Egypt   |x Religion   |x History. 
830 0 |a Bonner Ägyptologische Beiträge ;  |v 6. 
830 0 |a BAB ;   |v 6. 
901 |a reviewed 
942 |c BK  |2 lcc 
999 |c 2245  |d 2245